7 Perso - 1 Pts Commun - Harry Potter #3 - Statistiques

Statistiques générales
  • Ce quiz a été pris 1 244 fois
  • Le résultat moyen est 6 sur 7
Statistiques - réponses
Personnages % Correct
Ronald Weasley
100%
Fred Weasley
95%
George Weasley
95%
Percy Weasley
90%
Bill Weasley
86%
Charlie Weasley
84%
Enfants Weasley
47%
Aucun quiz correspondant
Distribution des résultats
% des personnes avec chaque résultat
Percentile par nombre de réponses
Votre historique - résultats
Vous n’avez pas pris ce quiz